The history of graphic design (Record no. 5299)

MARC details
000 -CABECERA
campo de control de longitud fija 03204cam a2200481 i 4500
001 - NÚMERO DE CONTROL
campo de control ocn992564476
003 - IDENTIFICADOR DEL NÚMERO DE CONTROL
campo de control OCoLC
005 - FECHA Y HORA DE LA ÚLTIMA TRANSACCIÓN
campo de control 20260123160744.0
008 - DATOS DE LONGITUD FIJA--INFORMACIÓN GENERAL
campo de control de longitud fija 180413m2017uuuugw a b 001 0 eng
010 ## - NÚMERO DE CONTROL DE LA BIBLIOTECA DEL CONGRESO
Número de control de LC 2018383205
020 ## - NÚMERO INTERNACIONAL ESTÁNDAR DEL LIBRO
Número Internacional Estándar del Libro 9783836563079
Información calificativa (volume 1)
020 ## - NÚMERO INTERNACIONAL ESTÁNDAR DEL LIBRO
Número Internacional Estándar del Libro 9783836570374
Información calificativa (volume 2)
035 ## - NÚMERO DE CONTROL DEL SISTEMA
Número de control de sistema (OCoLC)992564476
040 ## - FUENTE DE LA CATALOGACIÓN
Centro catalogador/agencia de origen DLC
Lengua de catalogación eng
Normas de descripción rda
Centro/agencia transcriptor DLC
Centro/agencia modificador CPL
-- OCLCF
-- JQW
-- OHX
-- JPG
-- IAO
-- LTSCA
-- S1C
-- VOD
-- NRC
-- YDX
-- OCLCO
-- IGA
-- OCLCQ
-- OKX
-- FWA
-- UBY
-- ZCU
-- CUI
-- CSA
-- PUL
-- OCL
-- OCLCQ
-- OCLCO
-- IUL
-- YUS
041 0# - CÓDIGO DE LENGUA
Código de lengua del texto/banda sonora o título independiente eng
-- ger
-- fre
042 ## - CÓDIGO DE AUTENTICACIÓN
Código de autenticación pcc
050 00 - SIGNATURA TOPOGRÁFICA DE LA BIBLIOTECA DEL CONGRESO
Número de clasificación NC998.4
Número de documento/Ítem .H555 2017
245 04 - MENCIÓN DE TÍTULO
Título The history of graphic design
Mención de responsabilidad, etc. / edited by Jens Müller, Julius Wiedemann ; English translation: Isabel Varea-Riley ; German translation: Ursula Wulfekamp ; French translation: Wolf Fruhtrunk.
246 14 - FORMA VARIANTE DE TÍTULO
Título propio/Titulo breve Graphic design
260 ## - PUBLICACIÓN, DISTRIBUCIÓN, ETC.
Lugar de publicación, distribución, etc. Cologne :
Nombre del editor, distribuidor, etc. Taschen,
Fecha de publicación, distribución, etc. 2017.
300 ## - DESCRIPCIÓN FÍSICA
Extensión volumes :
Otras características físicas illustrations (chiefly color) ;
Dimensiones 38 cm
500 ## - NOTA GENERAL
Nota general Vol. 1. 1890-1959. Vol. 2. 1960-today.
504 ## - NOTA DE BIBLIOGRAFÍA, ETC.
Nota de bibliografía, etc. Includes bibliographical references (volume 1, pages 471-473; volume 2, pages 473-475) and indexes.
505 00 - NOTA DE CONTENIDO CON FORMATO
Información miscelánea Volume 1, 1890-1959. A visual history — Pre-history of graphic design — 1890-1899 — 1900-1909 — 1910-1919 — 1920-1929 — 1930-1939 — 1940-1949 — 1950-1959.
505 00 - NOTA DE CONTENIDO CON FORMATO
Información miscelánea Volume 2, 1960-Today. Graphic design and beyond — 1960-1969 — 1970-1079 — 1980-1989 — 1990-1999 — 2000-2009 — 2010-today.
520 ## - SUMARIO, ETC.
Sumario, etc. Volume 1. In this mighty first volume, Jens Müller traces 70 years of graphic design, designers, and developments from the late 19th century through the economic boom after World War II, spanning designs that would form the basis for further revolutions. Year-by-year spreads are combined with in-depth features on hundreds of landmark projects, profiles of industry leaders, as well as visual timelines of each decade.
520 ## - SUMARIO, ETC.
Sumario, etc. Volume 2. This second volume rounds off the most comprehensive exploration of graphic design to date. Some 3,000 seminal designs from around the globe guide us in a visual map through contemporary history, from the establishment of the International Style to the rise of the groundbreaking digital age. Around 80 key examples go under the microscope in detailed analyses, supported by 118 biographies of the era's most important designs, including Massimo Vignelli, Otl Aicher, Shin Matsunaga, Paula Scher, Neville Brody, and Stefan Sagmeister.
546 ## - NOTA DE LENGUA/LENGUAJE
Nota de lengua/lenguaje Text in English, German, and French.
648 #0 - PUNTO DE ACCESO ADICIONAL DE MATERIA--TÉRMINO CRONOLÓGICO
Término cronológico 1900-1999
9 (RLIN) 23039
650 #0 - PUNTO DE ACCESO ADICIONAL DE MATERIA--TÉRMINO DE MATERIA
Término de materia o nombre geográfico como elemento de entrada Graphic arts
Subdivisión general History
Subdivisión cronológica 20th century
9 (RLIN) 26650
650 #0 - PUNTO DE ACCESO ADICIONAL DE MATERIA--TÉRMINO DE MATERIA
Término de materia o nombre geográfico como elemento de entrada Commercial art
Subdivisión general History
Subdivisión cronológica 20th century
9 (RLIN) 26651
650 #0 - PUNTO DE ACCESO ADICIONAL DE MATERIA--TÉRMINO DE MATERIA
Término de materia o nombre geográfico como elemento de entrada Graphic arts
Subdivisión general History
Subdivisión de forma Pictorial works
9 (RLIN) 26652
650 #0 - PUNTO DE ACCESO ADICIONAL DE MATERIA--TÉRMINO DE MATERIA
Término de materia o nombre geográfico como elemento de entrada Commercial art
Subdivisión general History
Subdivisión de forma Pictorial works
9 (RLIN) 26653
655 #0 - TÉRMINO DE INDIZACIÓN--GÉNERO/FORMA
Datos o término principal de género/forma Illustrated works
9 (RLIN) 24413
655 #0 - TÉRMINO DE INDIZACIÓN--GÉNERO/FORMA
Datos o término principal de género/forma History
9 (RLIN) 22700
655 #0 - TÉRMINO DE INDIZACIÓN--GÉNERO/FORMA
Datos o término principal de género/forma Pictorial works
9 (RLIN) 23053
700 ## - ENTRADA AGREGADA--NOMBRE PERSONAL
Nombre de persona Müller, Jens
Fechas asociadas al nombre 1982-
Término indicativo de función/relación editor
-- writer of introduction
-- book designer
9 (RLIN) 26654
700 ## - ENTRADA AGREGADA--NOMBRE PERSONAL
Nombre de persona Wiedemann, Julius
Término indicativo de función/relación editor
9 (RLIN) 23844
700 ## - ENTRADA AGREGADA--NOMBRE PERSONAL
Nombre de persona Varea Riley, Isabel
Término indicativo de función/relación translator
9 (RLIN) 26655
700 ## - ENTRADA AGREGADA--NOMBRE PERSONAL
Nombre de persona Wulfekamp, Ursula
Término indicativo de función/relación translator
9 (RLIN) 26656
700 ## - ENTRADA AGREGADA--NOMBRE PERSONAL
Nombre de persona Fruhtrunk, Wolf
Término indicativo de función/relación translator
9 (RLIN) 26657
942 ## - ELEMENTOS DE ENTRADA AGREGADA (KOHA)
Fuente del sistema de clasificación o colocación Clasificación de Library of Congress
Holdings
Estado de retiro Estado de pérdida Fuente del sistema de clasificación o colocación Estado dañado No para préstamo Biblioteca de origen Biblioteca actual Fecha de adquisición Total de préstamos Signatura topográfica completa Código de barras Fecha visto por última vez Número de copia Precio válido a partir de Tipo de ítem Koha
    Clasificación de Library of Congress     TBS Barcelona TBS Barcelona 23/01/2026   NC998.4 MUL (I) B05601 23/01/2026 1 23/01/2026 Book
    Clasificación de Library of Congress     TBS Barcelona TBS Barcelona 23/01/2026   NC998.4 MUL (II) B05600 23/01/2026 1 23/01/2026 Book

Powered by Koha